000 00368nam a2200157Ia 4500
003 OSt
005 20240224113235.0
008 170524s9999 xx 000 0 und d
020 _a9788120329805
040 _cIIMT UNIVERSITY MEERUT
100 _aSingh- Ravindra P
245 0 _aDigital Power Sy stem Protection
260 _bPHI
260 _c2007
942 _2ddc
_c02
999 _c5222
_d5222